| 000 | 00964nam a2200229 i 4500 | ||
|---|---|---|---|
| 001 | 22417 | ||
| 003 | ES-MaACL | ||
| 005 | 20230906152707.0 | ||
| 007 | t| | ||
| 008 | 021202s1885 cl ||||1| spa d | ||
| 245 | 0 | 0 | _aChile y las comisiones mistas [sic] internacionales. |
| 260 |
_aSantiago de Chile : _b[s.n.], _c1885 ( _fImprenta Nacional) |
||
| 300 |
_a190 p. ; _c22 cm. |
||
| 530 | _aDisponible también en sitio web. | ||
| 595 | _aGuerra del Pacífico, 1879-1884Reclamaciones. | ||
| 650 | 0 | 4 |
_aArbitraje internacional. _99934 |
| 650 | 4 |
_aGuerra del Pacífico, 1865-1866- _xReclamaciones. _9150822 |
|
| 650 | 4 |
_aGuerra del Pacífico, 1879-1884- _xReclamaciones. _9150823 |
|
| 651 | 4 |
_aChile- _xPolítica exterior. _9150824 |
|
| 852 |
_aES-MaACL _jT-435-F-7 _z.- Dedicatoria manuscrita: "Al Ateneo por L. M. Cardazo " |
||
| 856 |
_uhttp://bibliotecadigitalhispanica.bne.es:80/webclient/DeliveryManager?pid=1884202&custom_att_2=simple_viewer _zIr a la página |
||
| 999 |
_c22417 _d22417 |
||